000 01120nam a22002537a 4500
005 20110810094115.0
008 110810t xxu||||| |||| 00| 0 mar d
010 _aMAR-21208
020 _a8189634917
_c130.00
035 _aMR-13866
037 _bDBAD/PUB
040 _aDPL
_bMR
082 _a921
100 _aराणे,वि पां
_932250
245 _aमाझी प्रशासकीय वाटचाल /
_cवि पां राणे
246 _aManjhi Prasaskiya Vatchal
_bby V P Rane
260 _aपुणे
_bस्नेहवर्धन प्रकाशन
_c2009
270 _a863,सदाशिव पेठ,महात्मा फुले सभागृहमागे,
_bपुणे
_e411030
300 _a129पृ.
_c22सेमी(अजिल्द)
_bसचित्र
650 _aआत्मकथन
_932259
650 _aAutobiography
_932260
942 _2ddc
_cMR
_h921
_mराणेवि
999 _c55147
_d55147